Stock Market Integration: A Case Study for Serbia and Slovakia

Gespeichert in:
Bibliographische Detailangaben
1. Verfasser: Chocholatá, Michaela, 1977-
Format: Buchkapitel
Sprache:Englisch
Schlagworte:
Tags: Tag hinzufügen
Keine Tags, Fügen Sie das erste Tag hinzu!

MARC

LEADER 00000naa a2200000 4500
001 0180964
005 20240502083425.7
041 0 |a eng 
044 |a RS 
245 1 0 |a Stock Market Integration: A Case Study for Serbia and Slovakia  |c Michaela Chocholatá 
610 2 0 |a Srbsko 
610 2 0 |a Slovensko 
610 2 0 |a kríza finančná 
610 2 0 |a štúdie prípadové 
100 1 |a Chocholatá, Michaela, 1977-